[Event "257th YMCA Spring A"]
[Site "Warsaw"]
[Date "2022.04.08"]
[Round "1"]
[White "Moskwinski, Marek"]
[Black "Pajak, Jakub"]
[Result "1/2-1/2"]
[WhiteElo "1862"]
[BlackElo "1932"]
[PlyCount "91"]
[EventDate "2022.04.07"]
[EventType "tourn"]
[EventRounds "1"]
[EventCountry "POL"]
[SourceDate "2022.04.05"]

1. e4 g6 2. d4 Bg7 3. Nc3 c5 4. dxc5 Bxc3+ 5. bxc3 Nf6 6. f3 Qa5 7. Qd4 Nc6 8.
Qe3 d5 9. cxd6 exd6 10. Bc4 O-O 11. Ne2 d5 12. Qg5 Nxe4 13. Qxd5 Nxc3 14. Qxa5
Nxa5 15. Bxf7+ Rxf7 16. Nxc3 Bf5 17. O-O Bxc2 18. Bh6 Rc7 19. Nd5 Rc5 20. Ne3
Rac8 21. Nxc2 Rxc2 22. Rac1 Kf7 23. Rfd1 Ke6 24. Re1+ Kf6 25. Rcd1 R8c6 26. Rd7
g5 27. Bxg5+ Kxg5 28. Rd5+ Kf6 29. Rxa5 Rb2 30. Rxa7 Rcc2 31. g4 Rg2+ 32. Kh1
Rxh2+ 33. Kg1 Rbg2+ 34. Kf1 Rb2 35. Kg1 Rhg2+ 36. Kh1 Rgf2 37. Ra3 Kg5 38. Ra5+
b5 39. a4 Rh2+ 40. Kg1 Kf4 41. Rxb5 Rbg2+ 42. Kf1 Kg3 43. Rh5 Rf2+ 44. Kg1
Rfg2+ 45. Kf1 Rf2+ 46. Kg1 1/2-1/2

[Event "257th YMCA Spring A"]
[Site "Warsaw"]
[Date "2022.04.08"]
[Round "1"]
[White "Choroszej, Aleksander"]
[Black "Sloniewski, Michal"]
[Result "1/2-1/2"]
[WhiteElo "2020"]
[BlackElo "1834"]
[PlyCount "104"]
[EventDate "2022.04.07"]
[EventType "tourn"]
[EventRounds "1"]
[EventCountry "POL"]
[SourceDate "2022.04.05"]

1. d4 d5 2. c4 c6 3. Nc3 Nf6 4. Nf3 e6 5. e3 Nbd7 6. Qc2 Bd6 7. Bd3 dxc4 8.
Bxc4 b5 9. Bd3 Bb7 10. O-O O-O 11. e4 e5 12. h3 Re8 13. Be3 a6 14. Rad1 Qc7 15.
dxe5 Nxe5 16. Nxe5 Bxe5 17. Ne2 c5 18. Qxc5 Qxc5 19. Bxc5 Nxe4 20. Bd4 Bxd4 21.
Nxd4 Nc5 22. Bc2 Be4 23. Bxe4 Rxe4 24. Rfe1 g6 25. Rxe4 Nxe4 26. Nc6 Re8 27. f3
Nc5 28. Kf2 Re6 29. Nb4 Kg7 30. b3 a5 31. Rd5 axb4 32. Rxc5 Rb6 33. Kg3 Kf6 34.
Rd5 Ke6 35. Rd4 Ra6 36. Rxb4 Rxa2 37. Rxb5 Rb2 38. f4 h5 39. Kf3 Kd6 40. f5 g5
41. f6 g4+ 42. hxg4 hxg4+ 43. Kxg4 Rxg2+ 44. Kf3 Rb2 45. Rb6+ Kc7 46. Rb4 Kd6
47. Ke4 Rf2 48. Rb6+ Kc7 49. Ke3 Rf1 50. Ra6 Kb7 51. Rd6 Kc7 52. Ra6 Kb7 $11
1/2-1/2

[Event "257th YMCA Spring A"]
[Site "Warsaw"]
[Date "2022.04.08"]
[Round "1"]
[White "Niedbal, Piotr"]
[Black "Pichurko, Jakub"]
[Result "1/2-1/2"]
[WhiteElo "1866"]
[BlackElo "1818"]
[PlyCount "26"]
[EventDate "2022.04.07"]
[EventType "tourn"]
[EventRounds "1"]
[EventCountry "POL"]
[SourceDate "2022.04.05"]

1. e4 c6 2. c4 d5 3. exd5 cxd5 4. cxd5 Qxd5 5. Nc3 Qd8 6. Nf3 Nf6 7. d4 g6 8.
Bc4 Bg7 9. O-O O-O 10. Re1 Bg4 11. Be3 Nc6 12. Be2 Nd5 13. Bg5 h6 $11 1/2-1/2

[Event "257th YMCA Spring A"]
[Site "Warsaw"]
[Date "2022.04.08"]
[Round "1"]
[White "Lewandrowski, Tomasz"]
[Black "Dunalewicz, Pawel"]
[Result "1-0"]
[WhiteElo "1858"]
[BlackElo "1926"]
[PlyCount "61"]
[EventDate "2022.04.07"]
[EventType "tourn"]
[EventRounds "1"]
[EventCountry "POL"]
[SourceDate "2022.04.05"]

1. d4 d5 2. Nf3 Nf6 3. e3 Bf5 4. c4 e6 5. Qb3 Qc8 6. Nc3 c6 7. Bd2 Nbd7 8. Nh4
Bg6 9. Nxg6 hxg6 10. cxd5 exd5 11. e4 Nb6 12. e5 Ng4 13. h3 Be7 14. Bd3 Qe6 15.
O-O Nh6 16. Bxh6 Rxh6 17. a4 Rb8 18. a5 Nd7 19. f4 Rh5 20. Be2 Rh4 21. Qd1 g5
22. f5 Qh6 23. Bg4 Rd8 24. Qe2 Nf8 25. f6 Bb4 26. Nb5 Rxg4 27. hxg4 Ne6 28. a6
Nf4 29. Rxf4 gxf4 30. Nd6+ Kf8 31. Nf5 1-0

[Event "257th YMCA Spring A"]
[Site "Warsaw"]
[Date "2022.04.14"]
[Round "1"]
[White "Kalejta, Arkadiusz"]
[Black "Polak, Michal"]
[Result "0-1"]
[WhiteElo "1781"]
[BlackElo "1915"]
[PlyCount "118"]
[EventDate "2022.04.07"]
[EventType "tourn"]
[EventRounds "1"]
[EventCountry "POL"]
[SourceDate "2022.04.05"]

1. e4 e5 2. Nf3 Nc6 3. Bb5 a6 4. Ba4 Nf6 5. O-O Nxe4 6. d4 b5 7. Bb3 d5 8. dxe5
Be6 9. Nbd2 Nc5 10. c3 Be7 11. Bc2 d4 12. cxd4 Nxd4 13. Nxd4 Qxd4 14. Nf3 Qxd1
15. Rxd1 O-O 16. Bg5 Bxg5 17. Nxg5 h6 18. Bh7+ Kh8 19. Nxe6 Nxe6 20. Be4 Rad8
21. g3 g5 22. Rac1 Kg7 23. Bb7 Rb8 24. Bc6 Rfd8 25. Bd7 Rb6 26. Kg2 c5 27. Rd5
Nf8 28. Rcd1 Rxd7 29. Rxd7 Nxd7 30. Rxd7 Rc6 31. f4 gxf4 32. gxf4 c4 33. Kf3 b4
34. Rd2 c3 35. Rg2+ Kf8 36. bxc3 Rxc3+ 37. Ke4 a5 38. Rb2 Rc4+ 39. Kf5 a4 40.
e6 fxe6+ 41. Kxe6 Rxf4 42. Kd5 a3 43. Re2 Kf7 44. Kc5 Kg6 45. Re6+ Kg5 46. Rb6
Rf2 47. Rxb4 Rxh2 48. Ra4 Rxa2 49. Kb4 h5 50. Kb3 Ra1 51. Ra8 h4 52. Rg8+ Kf4
53. Rh8 Kg3 54. Rg8+ Kh2 55. Rg4 h3 56. Rg8 Kh1 57. Rh8 h2 58. Rh7 Kg2 59. Rg7+
Kf3 0-1

[Event "257th YMCA Spring A"]
[Site "Warsaw"]
[Date "2022.04.07"]
[Round "1"]
[White "Podgorski, Maciej"]
[Black "Kaminski, Maciej"]
[Result "1-0"]
[WhiteElo "1940"]
[BlackElo "1933"]
[PlyCount "95"]
[EventDate "2022.04.07"]
[EventType "tourn"]
[EventRounds "1"]
[EventCountry "POL"]
[SourceDate "2022.04.05"]

1. e4 c5 2. Nc3 Nc6 3. Bb5 Nd4 4. Bc4 a6 5. d3 e6 6. Nge2 b5 7. Bb3 Nxb3 8.
axb3 Bb7 9. O-O Qc7 10. Ng3 Nf6 11. Bg5 Be7 12. Nh5 Nxh5 13. Qxh5 Qe5 14. f4
Qd4+ 15. Kh1 Bxg5 16. fxg5 O-O 17. Rf3 g6 18. Qh4 b4 19. Na4 d5 20. c3 bxc3 21.
bxc3 Qe5 22. Rh3 h5 23. gxh6 dxe4 24. dxe4 Qxe4 25. Qxe4 Bxe4 26. Nxc5 Bf5 27.
Re3 Rfd8 28. h3 Rd6 29. b4 Kh7 30. Re2 Rad8 31. Nxa6 Rd1+ 32. Re1 R1d2 33. Nc5
Rc2 34. Rac1 Rb2 35. Red1 Rd5 36. Rxd5 exd5 37. g4 Bc2 38. g5 f5 39. gxf6 Kxh6
40. Re1 Bf5 41. Re8 Rb1+ 42. Kh2 Kg5 43. f7 Kf4 44. f8=Q Kf3 45. Nd3 Rd1 46.
Ne1+ Kf2 47. Qc5+ Kf1 48. Qg1# 1-0

[Event "257th YMCA Spring A"]
[Site "Warsaw"]
[Date "2022.04.14"]
[Round "2"]
[White "Pajak, Jakub"]
[Black "Kaminski, Maciej"]
[Result "0-1"]
[WhiteElo "1932"]
[BlackElo "1933"]
[PlyCount "86"]
[EventDate "2022.04.07"]
[EventType "tourn"]
[EventRounds "1"]
[EventCountry "POL"]
[SourceDate "2022.04.05"]

1. e4 c5 2. Nf3 e6 3. b3 b6 4. Bb2 Bb7 5. Bd3 Nc6 6. c3 d5 7. O-O dxe4 8. Bxe4
Nf6 9. Bxc6+ Bxc6 10. d4 Qc7 11. Ne5 Bb7 12. Qe2 Bd6 13. Qb5+ Kf8 14. Re1 Nd5
15. Nd2 a6 16. Qf1 Nf4 17. Nef3 cxd4 18. cxd4 Bb4 19. Rec1 Qe7 20. Bc3 Ba3 21.
Re1 Rc8 22. Re3 Nd5 23. Nc4 Nxe3 24. fxe3 b5 25. Nxa3 Rxc3 26. Qe1 Rc8 27. Qa5
g6 28. Rf1 Kg7 29. Ne5 Rhf8 30. Nd3 Qg5 31. Nf4 e5 32. dxe5 Qxe5 33. Qb6 Qc5
34. Ne6+ fxe6 35. Qxb7+ Rc7 36. Qe4 Rxf1+ 37. Kxf1 Qc1+ 38. Ke2 Qb2+ 39. Kf3
Rf7+ 40. Kg4 h5+ 41. Kh3 Qxa3 42. Qe5+ Kh7 43. Qxe6 Qe7 0-1

[Event "257th YMCA Spring A"]
[Site "Warsaw"]
[Date "2022.04.15"]
[Round "2"]
[White "Podgorski, Maciej"]
[Black "Polak, Michal"]
[Result "1-0"]
[WhiteElo "1940"]
[BlackElo "1915"]
[PlyCount "99"]
[EventDate "2022.04.07"]
[EventType "tourn"]
[EventRounds "1"]
[EventCountry "POL"]
[SourceDate "2022.04.05"]

1. e4 e5 2. Nf3 Nc6 3. Bc4 Nf6 4. d3 Bc5 5. O-O d6 6. c3 a5 7. d4 Ba7 8. dxe5
Nxe5 9. Nxe5 dxe5 10. Qxd8+ Kxd8 11. Re1 Ke7 12. Bg5 c6 13. a4 h6 14. Bh4 g5
15. Bg3 Be6 16. Na3 Nd7 17. Bxe6 Kxe6 18. Nc4 Bc5 19. Kf1 h5 20. f3 h4 21. Bf2
Bxf2 22. Kxf2 Nc5 23. Red1 Rhd8 24. Rxd8 Rxd8 25. Ke2 Nd3 26. g3 hxg3 27. hxg3
b5 28. Nxa5 Nxb2 29. Nxc6 Rh8 30. axb5 Rh2+ 31. Kf1 Rh1+ 32. Kg2 Rxa1 33. b6
Ra6 34. b7 Rb6 35. Kh3 Na4 36. c4 Nc5 37. b8=Q Rxb8 38. Nxb8 Kd6 39. Kg4 Kc7
40. Kxg5 Kxb8 41. Kf6 Kc7 42. Kxf7 Kd6 43. g4 Ne6 44. Kf6 Nd4 45. g5 Nxf3 46.
g6 Nd2 47. g7 Nxe4+ 48. Kg6 Nd2 49. g8=Q Nb3 50. Qd5+ 1-0

[Event "257th YMCA Spring A"]
[Site "Warsaw"]
[Date "2022.04.12"]
[Round "2"]
[White "Dunalewicz, Pawel"]
[Black "Kalejta, Arkadiusz"]
[Result "0-1"]
[WhiteElo "1926"]
[BlackElo "1781"]
[PlyCount "81"]
[EventDate "2022.04.07"]
[EventType "tourn"]
[EventRounds "1"]
[EventCountry "POL"]
[SourceDate "2022.04.05"]

1. e4 e5 2. Nf3 Nc6 3. Bc4 Nf6 4. d3 Be7 5. Nbd2 d6 6. c3 O-O 7. Nf1 Na5 8. Bb5
a6 9. Ba4 c5 10. Bg5 b5 11. Bc2 Nc6 12. Ne3 Be6 13. O-O d5 14. Bxf6 Bxf6 15.
exd5 Bxd5 16. Nxd5 Qxd5 17. Qe2 b4 18. Bb3 Qd6 19. Rad1 bxc3 20. bxc3 Na5 21.
Bc2 Qd5 22. Rfe1 Nc6 23. Bb3 Qd6 24. Nd2 Qc7 25. Qf3 Rad8 26. Bd5 Ne7 27. Bc4
Ng6 28. Bxa6 Qa5 29. Bc4 Nh4 30. Qg4 Ng6 31. Ne4 Be7 32. Re3 Qa4 33. Bb3 Qa6
34. Rh3 Nf4 35. Rg3 g6 36. Bc4 Qa4 37. Bb3 Qa6 38. Qf3 Kg7 39. Qe3 c4 40. Bc2
Qxa2 41. Bb1 0-1

[Event "257th YMCA Spring A"]
[Site "Warsaw"]
[Date "2022.04.12"]
[Round "2"]
[White "Pichurko, Jakub"]
[Black "Lewandrowski, Tomasz"]
[Result "0-1"]
[WhiteElo "1818"]
[BlackElo "1858"]
[PlyCount "58"]
[EventDate "2022.04.07"]
[EventType "tourn"]
[EventRounds "1"]
[EventCountry "POL"]
[SourceDate "2022.04.05"]

1. d4 d5 2. Nf3 Nf6 3. e3 e6 4. Bd3 b6 5. Qe2 Bb7 6. O-O Be7 7. b3 Nbd7 8. Bb2
Ne4 9. Nbd2 O-O 10. Rac1 a5 11. a3 a4 12. b4 c5 13. bxc5 bxc5 14. c4 Nxd2 15.
Nxd2 cxd4 16. exd4 dxc4 17. Nxc4 Nf6 18. Ne5 $11 Qd5 19. Nf3 Nh5 20. Qe5 Bd6
21. Qxd5 Bxd5 22. Rfe1 Nf4 23. Be4 Bxe4 24. Rxe4 Nd3 25. Rc2 Rfb8 26. Ree2 Nxb2
27. Rxb2 Bxa3 28. Rxb8+ Rxb8 29. g3 Bb2 0-1

[Event "257th YMCA Spring A"]
[Site "Warsaw"]
[Date "2022.04.15"]
[Round "2"]
[White "Sloniewski, Michal"]
[Black "Niedbal, Piotr"]
[Result "1/2-1/2"]
[WhiteElo "1834"]
[BlackElo "1866"]
[PlyCount "100"]
[EventDate "2022.04.07"]
[EventType "tourn"]
[EventRounds "1"]
[EventCountry "POL"]
[SourceDate "2022.04.05"]

1. d4 Nf6 2. Nf3 g6 3. Bf4 b6 4. e3 Bb7 5. Be2 Bg7 6. h3 O-O 7. O-O d5 8. Nbd2
c5 9. c3 Nc6 10. Ne5 Nd7 11. Nxd7 Qxd7 12. dxc5 e5 13. Bg5 bxc5 14. Ne4 Qf5 15.
g4 Qc8 16. Nxc5 d4 17. exd4 exd4 18. Bf3 Ba6 19. Nxa6 Qxa6 20. Bxc6 Qxc6 21.
cxd4 Qb5 22. Qd2 Bxd4 23. Qxd4 Qxg5 24. Rfe1 Rfd8 25. Qe3 Qb5 26. Qe2 Qb4 27.
Rad1 Re8 28. Qxe8+ Rxe8 29. Rxe8+ Kg7 30. Re2 Qc4 31. Re7 h5 32. gxh5 gxh5 33.
Rxa7 Qc2 34. Rdd7 Qc1+ 35. Kg2 Qg5+ 36. Kf3 Qf5+ 37. Ke2 Qc2+ 38. Ke3 Qc5+ 39.
Kd3 Qb5+ 40. Kc3 Qc5+ 41. Kb3 Qb5+ 42. Ka3 Qc5+ 43. b4 Qc3+ 44. Ka4 Qc2+ 45.
Kb5 Qe2+ 46. Kc5 Qxf2+ 47. Rd4 Qf5+ 48. Rd5 Qf2+ 49. Rd4 Qf5+ 50. Rd5 Qf2+
1/2-1/2

[Event "257th YMCA Spring A"]
[Site "Warsaw"]
[Date "2022.04.15"]
[Round "2"]
[White "Moskwinski, Marek"]
[Black "Choroszej, Aleksander"]
[Result "1-0"]
[WhiteElo "1862"]
[BlackElo "2020"]
[PlyCount "83"]
[EventDate "2022.04.07"]
[EventType "tourn"]
[EventRounds "1"]
[EventCountry "POL"]
[SourceDate "2022.04.05"]

1. e4 g6 2. d4 Bg7 3. Nc3 d6 4. f4 Nf6 5. Nf3 O-O 6. Bd3 Nc6 7. e5 dxe5 8. fxe5
Nh5 9. Be3 Bg4 10. Be2 f6 11. exf6 exf6 12. O-O f5 13. Qd2 f4 14. Bf2 Qd7 15.
Rfe1 Rae8 16. Rad1 Ne7 17. h3 Bxf3 18. Bxf3 c6 19. d5 Nxd5 20. Nxd5 cxd5 21.
Qxd5+ Qxd5 22. Bxd5+ Kh8 23. Bxb7 Bxb2 24. c4 Rxe1+ 25. Rxe1 Rf7 26. Bf3 Ng3
27. c5 Nf5 28. Rb1 Be5 29. c6 Nd4 30. Bd5 Rc7 31. Rb8+ Kg7 32. Rb7 Ne2+ 33. Kf1
Ng3+ 34. Ke1 Nf5 35. Bxa7 Bd6 36. Bc5 Be5 37. Bb6 Rxb7 38. cxb7 Bb8 39. a4 Nd6
40. Bc6 Nb5 41. Bd8 Kf8 42. a5 1-0

[Event "257th YMCA Spring A"]
[Site "Warsaw"]
[Date "2022.04.22"]
[Round "3"]
[White "Choroszej, Aleksander"]
[Black "Pajak, Jakub"]
[Result "1-0"]
[WhiteElo "2020"]
[BlackElo "1932"]
[PlyCount "101"]
[EventDate "2022.04.07"]
[EventType "tourn"]
[EventRounds "1"]
[EventCountry "POL"]
[SourceDate "2022.04.05"]

1. d4 Nf6 2. c4 g6 3. Nc3 Bg7 4. e4 d6 5. f4 O-O 6. Nf3 c5 7. d5 Re8 8. Be2 e6
9. e5 Ng4 10. h3 Nh6 11. O-O exd5 12. cxd5 Nf5 13. Ne4 dxe5 14. fxe5 Rxe5 15.
Nxe5 Bxe5 16. Bg5 f6 17. Bf4 Bd4+ 18. Kh1 Kg7 19. Rc1 b6 20. b4 Nd7 21. Bb5 Bb7
22. Bc6 Bxc6 23. dxc6 Ne5 24. bxc5 Qd5 25. Nd6 Nh4 26. Rc2 bxc5 27. Bxe5 Qxe5
28. Nb5 Nf5 29. Nxd4 cxd4 30. Re1 Ne3 31. Qd3 Qg5 32. Rf2 Qh4 33. Rxe3 dxe3 34.
Qxe3 Qb4 35. Rd2 Qb1+ 36. Kh2 Qb8+ 37. g3 Qf8 38. Rd7+ Kh8 39. Qb3 Qe8 40. Qc3
Qe2+ 41. Kg1 Rf8 42. c7 Qe6 43. Rd8 Qb6+ 44. Qd4 Qb1+ 45. Kh2 Qc2+ 46. Qd2 Qxc7
47. Rxf8+ Kg7 48. Rd8 Qb6 49. Rd7+ Kg8 50. Qd5+ Kh8 51. Qa8+ 1-0

[Event "257th YMCA Spring A"]
[Site "Warsaw"]
[Date "2022.04.19"]
[Round "3"]
[White "Niedbal, Piotr"]
[Black "Moskwinski, Marek"]
[Result "1/2-1/2"]
[WhiteElo "1866"]
[BlackElo "1862"]
[PlyCount "36"]
[EventDate "2022.04.07"]
[EventType "tourn"]
[EventRounds "1"]
[EventCountry "POL"]
[SourceDate "2022.04.05"]

1. e4 c6 2. c4 d5 3. exd5 cxd5 4. cxd5 Nf6 5. Bb5+ Nbd7 6. Nf3 Nxd5 7. O-O e6
8. Nc3 Nc7 9. Ba4 Be7 10. d4 O-O 11. Bc2 Nf6 12. Ng5 Bd7 13. Qd3 g6 14. Rd1 Bc6
15. Qh3 h5 16. Qd3 Nfd5 17. Nxd5 Qxd5 18. Nf3 Rad8 $11 1/2-1/2

[Event "257th YMCA Spring A"]
[Site "Warsaw"]
[Date "2022.04.22"]
[Round "3"]
[White "Lewandrowski, Tomasz"]
[Black "Sloniewski, Michal"]
[Result "1-0"]
[WhiteElo "1858"]
[BlackElo "1834"]
[PlyCount "89"]
[EventDate "2022.04.07"]
[EventType "tourn"]
[EventRounds "1"]
[EventCountry "POL"]
[SourceDate "2022.04.05"]

1. d4 d5 2. Bf4 Nf6 3. e3 c5 4. c3 cxd4 5. exd4 Nc6 6. Nd2 Bg4 7. Qb3 Na5 8.
Qa4+ Bd7 9. Qc2 e6 10. Ngf3 Be7 11. Bd3 b5 12. O-O Nc4 13. Ne5 Rc8 14. a4 Nxd2
15. Bxd2 b4 16. Nxd7 Nxd7 17. Bxh7 Bd6 18. g3 Qc7 19. Bd3 Nf6 20. Qd1 Ke7 21.
cxb4 Qb6 22. a5 Qxd4 23. Bc3 Rxc3 24. bxc3 Qxc3 25. b5 Nd7 26. Be2 Nc5 27. a6
Bc7 28. Rc1 Qb4 29. Bf3 Bb6 30. Qe2 Rd8 31. Rfd1 Kf8 32. Kg2 d4 33. Rc4 Qb3 34.
Rcxd4 Rxd4 35. Rxd4 Ke7 36. Bc6 Qc3 37. Qe5 Qc1 38. Qd6+ Kf6 39. Rf4+ Kg6 40.
Qf8 Nd3 41. Qxf7+ Kh6 42. Qxe6+ g6 43. Rh4+ Kg5 44. Rg4+ Kh6 45. Qxg6# 1-0

[Event "257th YMCA Spring A"]
[Site "Warsaw"]
[Date "2022.05.10"]
[Round "3"]
[White "Kalejta, Arkadiusz"]
[Black "Pichurko, Jakub"]
[Result "0-1"]
[WhiteElo "1781"]
[BlackElo "1818"]
[PlyCount "76"]
[EventDate "2022.04.07"]
[EventType "tourn"]
[EventRounds "1"]
[EventCountry "POL"]
[SourceDate "2022.04.05"]

1. e4 c6 2. d4 d5 3. e5 Bf5 4. Nf3 e6 5. Be2 Ne7 6. O-O h6 7. Nbd2 Nd7 8. Nb3
Bh7 9. a4 a5 10. Ne1 c5 11. c4 cxd4 12. cxd5 Nxd5 13. Bb5 Bb4 14. Qg4 Bg6 15.
Nxd4 Qe7 16. Nef3 O-O-O 17. Rd1 Kb8 18. Bd2 h5 19. Qg3 h4 20. Qg4 Bxd2 21. Rxd2
N7b6 $11 22. Bc6 h3 23. g3 Bf5 24. Qg5 f6 25. exf6 gxf6 26. Nxf5 exf5 27. Qxf5
bxc6 28. Nd4 Rd6 29. Rc1 Kb7 30. Re2 Qh7 31. Qf3 Qh5 32. Qe4 Rc8 33. Nb3 Nb4
34. Nc5+ Ka8 35. Qe7 Rb8 36. Qxd6 Qxe2 37. Qxf6 Qd2 38. Rf1 Qd5 0-1

[Event "257th YMCA Spring A"]
[Site "Warsaw"]
[Date "2022.04.22"]
[Round "3"]
[White "Podgorski, Maciej"]
[Black "Dunalewicz, Pawel"]
[Result "1-0"]
[WhiteElo "1940"]
[BlackElo "1926"]
[PlyCount "55"]
[EventDate "2022.04.07"]
[EventType "tourn"]
[EventRounds "1"]
[EventCountry "POL"]
[SourceDate "2022.04.05"]

1. e4 e6 2. d4 d5 3. Nc3 Nf6 4. Bg5 dxe4 5. Nxe4 Nbd7 6. Bd3 Be7 7. Qe2 b6 8.
Nf3 Bb7 9. Bxf6 Nxf6 10. O-O-O O-O 11. Nxf6+ Bxf6 12. h4 Bxf3 13. Qxf3 Qd6 14.
g4 Rfd8 15. Kb1 c5 16. g5 Be7 17. Be4 Rac8 18. d5 e5 19. Rdg1 Bf8 20. h5 Rc7
21. g6 fxg6 22. hxg6 h6 23. Bf5 c4 24. Be6+ Kh8 25. Rh5 c3 26. Rgh1 Re8 27.
Rxh6+ gxh6 28. Qf6+ 1-0

[Event "257th YMCA Spring A"]
[Site "Warsaw"]
[Date "2022.04.29"]
[Round "4"]
[White "Pajak, Jakub"]
[Black "Polak, Michal"]
[Result "1/2-1/2"]
[WhiteElo "1932"]
[BlackElo "1915"]
[PlyCount "289"]
[EventDate "2022.04.07"]
[EventType "tourn"]
[EventRounds "1"]
[EventCountry "POL"]
[SourceDate "2022.04.05"]

1. e4 e5 2. Nf3 Nc6 3. d4 exd4 4. Nxd4 Nf6 5. Nxc6 bxc6 6. Bd3 d5 7. Qe2 dxe4
8. Nc3 Bb4 9. Bxe4 O-O 10. Bxc6 Rb8 11. O-O Qd6 12. Bb5 Ng4 13. g3 Bxc3 14.
bxc3 Ne5 15. Bf4 Rxb5 16. Qxb5 Nf3+ 17. Kg2 Qe6 18. Kxf3 Bd7 19. Qe5 Qc6+ 20.
Ke3 Re8 21. Qxe8+ Bxe8 22. Kd2 Bd7 23. Rab1 h6 24. Rb8+ Kh7 25. Rfb1 Qd5+ 26.
Kc1 Qxa2 27. Be3 a5 28. R8b7 Bf5 29. R1b2 Qc4 30. R2b5 Be4 31. Rb8 Qxc3 32. Rc5
Qa1+ 33. Rb1 Qa3+ 34. Rb2 c6 35. Kb1 Bd5 36. h4 Qa4 37. Rb8 Qa2+ 38. Kc1 a4 39.
Bd4 Qa3+ 40. Kd2 Qf3 41. Ra8 a3 42. Be3 a2 43. c4 Be4 44. Rxa2 Qf6 45. Rca5
Qd6+ 46. Kc1 Qd3 47. c5 Qb1+ 48. Kd2 Bd5 49. Ra1 Qb2+ 50. Ke1 Bc4 51. Bd2 Qe5+
52. Be3 Qc3+ 53. Kd1 Qd3+ 54. Kc1 Bb3 55. R5a2 Qc3+ 56. Kb1 Bc4 57. Rc2 Qd3 58.
Kc1 Bb3 59. Raa2 Kg6 60. Rd2 Qc3+ 61. Rdc2 Qd3 62. Rd2 Qc4+ 63. Rac2 Bxc2 64.
Rxc2 Qf1+ 65. Kd2 Kf5 66. Rc1 Qb5 67. Rc3 Ke4 68. f3+ Kxf3 69. Bxh6+ Kf2 70.
Bf4 f6 71. Rc2 Qb4+ 72. Kd3+ Kf3 73. Rc4 Qb1+ 74. Kc3 Qa1+ 75. Kd3 Qb2 76. Rc2
Qb1 77. Kc3 Ke4 78. Bd6 Qe1+ 79. Kb3 Kd3 80. Rb2 Qa5 81. Bf8 Qb5+ 82. Ka2 Qa4+
83. Kb1 Qd1+ 84. Ka2 Qg4 85. Bd6 Qa4+ 86. Kb1 Kc3 87. Bf8 Qe4+ 88. Ka2 Qe6+ 89.
Kb1 Qf5+ 90. Ka2 Qd5+ 91. Kb1 Qd1+ 92. Ka2 Qa4+ 93. Kb1 g6 94. Bd6 Qa3 95. Rc2+
Kd3 96. Rb2 Qa4 97. Rb6 Qd1+ 98. Ka2 Kc4 99. Rb2 Kc3 100. Bf4 Qa4+ 101. Kb1
Qe4+ 102. Ka2 Qd5+ 103. Kb1 Qd1+ 104. Ka2 Qd5+ 105. Kb1 Qf5+ 106. Kc1 g5 107.
hxg5 fxg5 108. Bd2+ Kc4 109. Rc2+ Kb3 110. Rc3+ Ka2 111. Rc2+ Ka3 112. Rc3+ Ka4
113. Kb2 Kb5 114. Kc1 Qf1+ 115. Kc2 Qe2 116. Kc1 g4 117. Kc2 Qe4+ 118. Kb2 Qa4
119. Kc1 Qa2 120. Bf4 Qa1+ 121. Kc2 Kb4 122. Bd2 Kb5 123. Bf4 Qe1 124. Bd2 Qe2
125. Kc1 Ka6 126. Kc2 Kb7 127. Kc1 Kc8 128. Kc2 Qe4+ 129. Kb2 Qb4+ 130. Kc2
Qa4+ 131. Kb2 Kd7 132. Bf4 Ke6 133. Bd6 Kd5 134. Rc2 Qb4+ 135. Ka1 Qb3 136. Rb2
Qd1+ 137. Ka2 Kc4 138. Rb8 Qa4+ 139. Kb1 Qd1+ 140. Ka2 Qe1 141. Rb2 Qa5+ 142.
Kb1 Qe1+ 143. Ka2 Qa5+ 144. Kb1 Qe1+ 145. Ka2 1/2-1/2

[Event "257th YMCA Spring A"]
[Site "Warsaw"]
[Date "2022.04.28"]
[Round "4"]
[White "Dunalewicz, Pawel"]
[Black "Kaminski, Maciej"]
[Result "0-1"]
[WhiteElo "1926"]
[BlackElo "1933"]
[PlyCount "86"]
[EventDate "2022.04.07"]
[EventType "tourn"]
[EventRounds "1"]
[EventCountry "POL"]
[SourceDate "2022.04.05"]

1. e4 e5 2. Nf3 Nc6 3. Bc4 Nf6 4. d3 Be7 5. O-O O-O 6. Nc3 d6 7. h3 Na5 8. Bb3
Nxb3 9. axb3 c5 10. Bg5 Be6 11. Bxf6 Bxf6 12. Nh2 g6 13. Ng4 Bg7 14. Ne3 Qg5
15. Qf3 f5 16. Qg3 Qh5 17. Ned5 f4 18. Qh2 Rf7 19. f3 a6 20. Kf2 Qh4+ 21. Ke2
Qd8 22. h4 b5 23. g4 fxg3 24. Qxg3 b4 25. Nd1 Bxd5 26. exd5 Rf4 27. h5 g5 28.
Ne3 h6 29. Qh3 Rf6 30. Nc4 Qe7 31. Ra4 Kh8 32. Nd2 Rf4 33. Rxa6 Rxa6 34. Qc8+
Bf8 35. Qxa6 Qf7 36. Ne4 g4 37. Qc8 gxf3+ 38. Ke3 Qxh5 39. Qe6 Qh2 40. Nf2 Qg2
41. Qh3 Qg5 42. Ne4 Rxe4+ 43. Kxe4 Qf4# 0-1

[Event "257th YMCA Spring A"]
[Site "Warsaw"]
[Date "2022.04.28"]
[Round "4"]
[White "Pichurko, Jakub"]
[Black "Podgorski, Maciej"]
[Result "0-1"]
[WhiteElo "1818"]
[BlackElo "1940"]
[PlyCount "122"]
[EventDate "2022.04.07"]
[EventType "tourn"]
[EventRounds "1"]
[EventCountry "POL"]
[SourceDate "2022.04.05"]

1. d4 Nf6 2. Nf3 g6 3. Bf4 Bg7 4. e3 O-O 5. Be2 d6 6. h3 Nfd7 7. Nbd2 Nc6 8. c3
e5 9. Bh2 f5 10. dxe5 dxe5 11. O-O Qe7 12. a4 g5 13. Ne1 Nf6 14. f4 Qc5 15. Nc4
exf4 16. b4 Qe7 17. exf4 Ne4 18. Ne5 Nxe5 19. fxe5 Kh8 20. Qc2 Bxe5 21. Bxe5+
Qxe5 22. Rc1 Ng3 23. Rf2 Qe3 24. Bd3 Ne4 25. Bxe4 fxe4 26. Qd2 Qxd2 27. Rxd2
Be6 28. Re2 Bf5 29. Nc2 Bg6 30. Nd4 Rfe8 31. Rf1 Rad8 32. g4 Rd5 33. Re3 c6 34.
a5 a6 35. Nb3 Rd3 36. Rfe1 Rxe3 37. Rxe3 Kg7 38. Nc5 Re7 39. Kf2 Kf6 40. Rg3
Ke5 41. Ke3 Kd5 42. Ke2 Kc4 43. Re3 h6 44. Kd2 Rf7 45. Nxe4 Rd7+ 46. Ke2 Bxe4
47. Rxe4+ Kxc3 48. Ke3 Rd3+ 49. Ke2 Rxh3 50. Kf2 Rh2+ 51. Kf3 Rb2 52. Re6 Rxb4
53. Rxh6 Rb5 54. Rh7 Kb4 55. Rf7 Kxa5 56. Ke4 Kb6 57. Rf5 Rxf5 58. gxf5 Kc7 59.
f6 Kd7 60. Kf5 Ke8 61. Kg6 Kf8 0-1

[Event "257th YMCA Spring A"]
[Site "Warsaw"]
[Date "2022.04.29"]
[Round "4"]
[White "Sloniewski, Michal"]
[Black "Kalejta, Arkadiusz"]
[Result "1-0"]
[WhiteElo "1834"]
[BlackElo "1781"]
[PlyCount "127"]
[EventDate "2022.04.07"]
[EventType "tourn"]
[EventRounds "1"]
[EventCountry "POL"]
[SourceDate "2022.04.05"]

1. d4 d5 2. Bf4 Nf6 3. e3 c5 4. c3 Nc6 5. Nd2 cxd4 6. exd4 Bf5 7. Qb3 Na5 8.
Qa4+ Bd7 9. Qc2 g6 10. Ngf3 Bg7 11. Ne5 O-O 12. Bd3 b5 13. Ndf3 Rc8 14. Nxd7
Qxd7 15. Ne5 Qb7 16. a3 Nh5 17. Be3 Bxe5 18. dxe5 Nc4 19. Bxc4 Rxc4 20. O-O Qc7
21. Rad1 Qxe5 22. Rfe1 Re8 23. Bxa7 Qc7 24. Be3 Nf6 25. Bg5 Ng4 26. g3 f6 27.
Bf4 e5 28. h3 g5 29. Bxg5 Nxf2 30. Qxf2 fxg5 31. Qd2 Qc5+ 32. Kh2 h6 33. Qxd5+
Kg7 34. Qxc5 Rxc5 35. Re4 Kf6 36. g4 Re6 37. Kg3 Ke7 38. Kf3 Rf6+ 39. Ke3 Rf4
40. h4 Ke6 41. hxg5 hxg5 42. Rh1 Rxe4+ 43. Kxe4 Rc4+ 44. Kf3 Rf4+ 45. Kg3 Rf6
46. Rh5 Kd5 47. Rxg5 Ke4 48. Rf5 Rd6 49. Rf8 Rd3+ 50. Kg2 Rd2+ 51. Rf2 Rd8 52.
Kf1 Ke3 53. Re2+ Kf4 54. g5 e4 55. Ke1 Rg8 56. Rg2 Kf3 57. Rg1 e3 58. g6 e2 59.
Rg5 Rd8 60. Rf5+ Ke3 61. Re5+ Kf3 62. Rxe2 Rd6 63. g7 Rg6 64. Re7 1-0

[Event "257th YMCA Spring A"]
[Site "Warsaw"]
[Date "2022.04.29"]
[Round "4"]
[White "Moskwinski, Marek"]
[Black "Lewandrowski, Tomasz"]
[Result "0-1"]
[WhiteElo "1862"]
[BlackElo "1858"]
[PlyCount "98"]
[EventDate "2022.04.07"]
[EventType "tourn"]
[EventRounds "1"]
[EventCountry "POL"]
[SourceDate "2022.04.05"]

1. e4 c5 2. Nf3 Nc6 3. d4 cxd4 4. Nxd4 e5 5. Nb5 d6 6. N1c3 a6 7. Na3 Be6 8.
Nd5 Nf6 9. Be3 Bxd5 10. exd5 Qa5+ 11. c3 Qxd5 12. Qxd5 Nxd5 13. Nc2 Be7 14.
O-O-O Nxe3 15. Nxe3 Rd8 16. g3 Bg5 17. Bc4 Bxe3+ 18. fxe3 Ke7 19. Rhf1 f6 20.
g4 g6 21. Bd5 h5 22. g5 f5 23. h4 e4 24. Bxc6 bxc6 25. Rd4 Rb8 26. Rfd1 Rhd8
27. c4 a5 28. Kc2 Ke6 29. Kc3 Rd7 30. b3 Rf8 31. a3 c5 32. Rd5 f4 33. Rf1 f3
34. b4 axb4+ 35. axb4 Rf5 36. Rd2 cxb4+ 37. Kxb4 Rc5 38. Rd4 Ke5 39. Rfd1 Rb7+
40. Kc3 Rb6 41. Ra1 d5 42. Ra8 Rxc4+ 43. Rxc4 dxc4 44. Kxc4 Rc6+ 45. Kb3 Kf5
46. Re8 Re6 47. Rf8+ Kg4 48. Rf4+ Kg3 49. Kc3 Rd6 0-1